000 00331nam a2200133Ia 4500
005 20251222153637.0
008 251222s9999||||xx |||||||||||||| ||spa||
082 _a658.114/A47
100 _aAlvarez Rodrich, Augusto
245 0 _aPolíticas Públicas en el Perú
250 _a1ra ed.
264 _bEditorial Apoyo
942 _cLIB
999 _c32587
_d32587